| 000 | 00368nam a2200121Ia 4500 | ||
|---|---|---|---|
| 008 | 220217s9999||||xx |||||||||||||| ||und|| | ||
| 020 | _a9788174784384 | ||
| 100 |
_aSubbaraj, V.V.K _910070 |
||
| 245 | 0 | _aAssistant engineers (CE, ME, EE) engineering technical servi | |
| 260 |
_aSura publications _bChennai _c2018 |
||
| 300 |
_a625p. _b480 |
||
| 650 | _aGENERAL BOOKS | ||
| 999 |
_c188101 _d188101 |
||